| 000 | 00651nam a2200217 i 4500 | ||
|---|---|---|---|
| 001 | 0008107017 | ||
| 003 | OSt | ||
| 005 | 20260317191941.0 | ||
| 008 | 260114 2026 fre | ||
| 020 | _a9781039716124 | ||
| 040 |
_aQMBND _bfre _erda _cQMBND |
||
| 082 | _aALB PAC | ||
| 100 | 1 | _aPace, Anne Marie | |
| 245 | 0 | 3 | _aLe fabuleux jour de la marmotte |
| 264 | 1 |
_bďitions Scholastic, _c2026 |
|
| 336 |
_atexte _btxt _2rdacontent |
||
| 337 |
_asans mďiation _bn _2rdamedia |
||
| 338 |
_avolume _bnc _2rdacarrier |
||
| 942 |
_2ddc _cALBUM |
||
| 999 |
_c18791 _d18791 |
||